000 00313nam a22001457a 4500
008 210511b ||||| |||| 00| 0 eng d
020 _a9780691010281
041 _aeng
080 _a94
082 _a94
100 _a16
101 _aSHH
245 _aStates and Power in Africa
_cHerbst,J
942 _2udc
_cBK
999 _c57260
_d57260